| 000 | 00537nam a22001937a 4500 | ||
|---|---|---|---|
| 003 | KOHA_MİRAKIL | ||
| 005 | 20250424164632.0 | ||
| 008 | 250424b tu ||||| |||| 00| 0 tur d | ||
| 020 | _a9789759955830 | ||
| 040 |
_aTR-AnABB _btur _cTR-AnABB |
||
| 041 | _atur | ||
| 082 |
_a111.1 _bTOP 2020 |
||
| 100 | 1 | _aTopçu, Nurettin, | |
| 245 | 1 | 0 |
_aVaroluş felsefesi hareket felsefesi / _cNurettin Topçu |
| 260 |
_aİstanbul : _bDergah Yayınları, _c2020 |
||
| 300 |
_a64 sayfa ; _c20 cm |
||
| 650 | 0 | 0 | _aFelsefe |
| 942 |
_2ddc _cBK |
||
| 999 |
_c8833 _d8833 |
||
| 900 | _bGizem YORULMAZ | ||